[Event "FIN-ch op"]
[Site "Naantali"]
[Date "2010.06.30"]
[Round "4"]
[White "Sipila, Vilka"]
[Black "Alhava, Antero"]
[Result "1-0"]
[WhiteElo "2111"]
[BlackElo "2112"]
[PlyCount "63"]
[EventDate "2010.06.28"]
[EventType "swiss"]
[EventRounds "9"]
[EventCountry "FIN"]
[SourceTitle "CBM 137 Extra"]
[Source "ChessBase"]
[SourceDate "2010.09.01"]
[SourceVersion "1"]
[SourceVersionDate "2010.09.01"]
[SourceQuality "1"]

1. c4 e5 2. g3 Nf6 3. Bg2 g6 4. Nc3 Bg7 5. e3 0-0 6. Nge2 c6 7. 0-0 d5 8. cxd5 cxd5 9. Qb3 d4 10. exd4 exd4 11. Nb5 Nc6 12. Bxc6 bxc6 13. Nbxd4 c5 14. Nc2 Ba6 15. Re1 Re8 16. Ne3 Ng4 17. Qa4 Bxe2 18. Rxe2 Ne5 19. Kg2 Qd3 20. Re1 Qd4 21. Qc2 Nd3 22. Rf1 Rad8 23. Kg1 Re4 24. a4 f5 25. f3 Re7 26. a5 Nxc1 27. Raxc1 Qxd2 28. Qb3+ c4 29. Nxc4 Qd4+ 30. Kh1 Rf8 31. Ne5+ Kh8 32. Nc6 1-0

[Event "Helsinki We HSL 6th"]
[Site "Helsinki"]
[Date "2009.??.??"]
[Round "1"]
[White "Alhava, Antero"]
[Black "Hurme, Harri M"]
[Result "1/2-1/2"]
[WhiteElo "2131"]
[BlackElo "2250"]
[PlyCount "53"]
[EventDate "2009.??.??"]
[EventType "swiss"]
[EventRounds "5"]
[EventCountry "FIN"]
[SourceTitle "EXT 2022"]
[Source "ChessBase"]
[SourceDate "2021.10.06"]
[SourceVersion "1"]
[SourceVersionDate "2021.10.06"]
[SourceQuality "1"]

1. d4 d5 2. c4 Nc6 3. Nc3 dxc4 4. Nf3 Nf6 5. e3 Bg4 6. Bxc4 e6 7. h3 Bh5 8. 0-0 Bd6 9. a3 0-0 10. Be2 a6 11. b4 e5 12. Nxe5 Bxe5 13. Bxh5 Nxh5 14. Qxh5 g6 15. Qf3 Bg7 16. Bb2 Re8 17. Rac1 Qe7 18. Na4 Nd8 19. Nc5 c6 20. Rfe1 a5 21. Qg4 axb4 22. axb4 Ra2 23. Bc3 b6 24. Nd3 Nb7 25. Ra1 Rxa1 26. Rxa1 Nd6 27. Rc1 1/2-1/2

[Event "Helsinki Pirttimaki Memorial-A 4th"]
[Site "Helsinki"]
[Date "2009.??.??"]
[Round "6"]
[White "Alhava, Antero"]
[Black "Jarvinen, Rauno"]
[Result "0-1"]
[WhiteElo "2138"]
[BlackElo "2025"]
[PlyCount "112"]
[EventDate "2009.??.??"]
[EventType "swiss"]
[EventRounds "7"]
[EventCountry "FIN"]
[SourceTitle "EXT 2011"]
[Source "ChessBase"]
[SourceDate "2010.11.26"]
[SourceVersion "1"]
[SourceVersionDate "2010.11.26"]
[SourceQuality "1"]

1. d4 Nf6 2. c4 e6 3. Nc3 Bb4 4. e3 c5 5. Nf3 Nc6 6. Bd2 cxd4 7. exd4 d5 8. c5 Ne4 9. Bb5 Bxc3 10. bxc3 Bd7 11. 0-0 b6 12. cxb6 Qxb6 13. c4 dxc4 14. Bxc4 Nxd2 15. Qxd2 0-0 16. Rab1 Qa5 17. Qf4 Rac8 18. Rb5 Qa4 19. Bd3 h6 20. Rh5 Ne7 21. Rxh6 gxh6 22. Qxh6 f5 23. Qg5+ Kf7 24. Ne5+ Ke8 25. Be2 Qb4 26. Qg7 Rg8 27. Bh5+ Kd8 28. Nf7+ Kc7 29. Qe5+ Kb6 30. a3 Qb5 31. Qd6+ Bc6 32. Bf3 Nd5 33. Ne5 Kb7 34. Qxe6 Rgd8 35. Qxf5 Ka8 36. Rb1 Qa6 37. h4 Bb7 38. Nd7 Ne7 39. Rxb7 Rc1+ 40. Kh2 Qd6+ 41. g3 Nc6 42. Qb5 Rxd7 43. Rxd7 Qxd7 44. Qb2 Rc4 45. d5 Nd4 46. Bg2 Qd6 47. Qd2 Ra4 48. Qg5 Nb5 49. h5 Ra6 50. a4 Na3 51. f4 Nc4 52. f5 Ne5 53. Kh3 Rxa4 54. h6 Rg4 55. Qe3 Rg8 56. f6 Qd7+ 0-1

[Event "Helsinki We Garde 3rd"]
[Site "Helsinki"]
[Date "2009.??.??"]
[Round "1"]
[White "Alhava, Antero"]
[Black "Kyburz, Stefan"]
[Result "1/2-1/2"]
[WhiteElo "2138"]
[BlackElo "1990"]
[PlyCount "60"]
[EventDate "2009.??.??"]
[EventType "swiss"]
[EventRounds "5"]
[EventCountry "FIN"]
[SourceTitle "EXT 2011"]
[Source "ChessBase"]
[SourceDate "2010.11.26"]
[SourceVersion "1"]
[SourceVersionDate "2010.11.26"]
[SourceQuality "1"]

1. d4 e6 2. c4 d5 3. Nc3 Nf6 4. cxd5 exd5 5. Bg5 Be7 6. e3 0-0 7. Bd3 Re8 8. Nge2 Nbd7 9. Ng3 h6 10. Bf4 c6 11. Nf5 Nf8 12. Nxe7+ Qxe7 13. 0-0 Ne4 14. h3 Ng6 15. Bh2 f5 16. Qc2 Qg5 17. Ne2 Nh4 18. Ng3 Rf8 19. Rae1 Be6 20. Kh1 f4 21. exf4 Rxf4 22. Bxe4 dxe4 23. Rg1 Bd5 24. Nf1 Rf7 25. Ne3 Re8 26. Bg3 Nf5 27. Nxf5 Qxf5 28. Re3 Qf6 29. Rd1 Qf5 30. Rd2 Qd7 1/2-1/2

[Event "Vantaa We EtVaS"]
[Site "Vantaa"]
[Date "2009.??.??"]
[Round "4"]
[White "Alhava, Antero"]
[Black "Lansimaki, Ville"]
[Result "0-1"]
[WhiteElo "2138"]
[BlackElo "1933"]
[PlyCount "64"]
[EventDate "2009.??.??"]
[EventType "swiss"]
[EventRounds "5"]
[EventCountry "FIN"]
[SourceTitle "EXT 2011"]
[Source "ChessBase"]
[SourceDate "2010.11.26"]
[SourceVersion "1"]
[SourceVersionDate "2010.11.26"]
[SourceQuality "1"]

1. d4 Nf6 2. c4 g6 3. Nc3 d5 4. Nf3 Bg7 5. cxd5 Nxd5 6. e4 Nxc3 7. bxc3 0-0 8. Rb1 c5 9. Be2 cxd4 10. cxd4 Qa5+ 11. Bd2 Qxa2 12. 0-0 Bd7 13. Rxb7 Bc6 14. Rxe7 Qa3 15. Re5 a5 16. d5 Ba4 17. Qe1 Nd7 18. Rg5 Rfe8 19. Rg3 Qb2 20. Bd3 Nc5 21. Bb1 Bb5 22. e5 Bxf1 23. Bc3 Qb3 24. Kxf1 Qxd5 25. h4 a4 26. h5 a3 27. Bc2 a2 28. hxg6 hxg6 29. Bxg6 fxg6 30. Kg1 Nb3 31. Ba1 Nxa1 32. Qxa1 Reb8 0-1

[Event "Helsinki We Garde 3rd"]
[Site "Helsinki"]
[Date "2009.??.??"]
[Round "5"]
[White "Alhava, Antero"]
[Black "Malmi, Eric"]
[Result "1-0"]
[WhiteElo "2138"]
[BlackElo "2035"]
[PlyCount "92"]
[EventDate "2009.??.??"]
[EventType "swiss"]
[EventRounds "5"]
[EventCountry "FIN"]
[SourceTitle "EXT 2011"]
[Source "ChessBase"]
[SourceDate "2010.11.26"]
[SourceVersion "1"]
[SourceVersionDate "2010.11.26"]
[SourceQuality "1"]

1. d4 Nf6 2. c4 g6 3. Nc3 d5 4. Nf3 Bg7 5. Bg5 Ne4 6. cxd5 Nxc3 7. bxc3 Qxd5 8. e3 c5 9. Be2 Nc6 10. 0-0 0-0 11. Qa4 Bd7 12. Qa3 cxd4 13. cxd4 e5 14. dxe5 Nxe5 15. Rad1 Qe6 16. Nd4 Qb6 17. Be7 Rfe8 18. Rb1 Qc7 19. Bd6 Qc8 20. Rfc1 Nc6 21. Nb5 Bf5 22. Bd3 Bxd3 23. Qxd3 Rd8 24. Qa3 Qd7 25. Bc7 Bf8 26. Qa4 Rdc8 27. Rd1 Qe8 28. Bd6 Nd8 29. Qh4 Ne6 30. Bxf8 Qxf8 31. Nd6 Rc2 32. Ne4 b6 33. g4 h6 34. Rd7 Nc5 35. Nf6+ Kg7 36. Rc7 Rxa2 37. Rd1 Ne6 38. Rxf7+ Qxf7 39. Rd7 Qxd7 40. Nxd7 Ng5 41. Qg3 Ra5 42. Qd6 h5 43. Qf6+ Kh6 44. Nf8 Nf3+ 45. Qxf3 Kg7 46. Ne6+ Kh6 1-0

[Event "Helsinki-ch Group"]
[Site "Helsinki"]
[Date "2009.??.??"]
[Round "4"]
[White "Alhava, Antero"]
[Black "Pudas, Teemu"]
[Result "1-0"]
[WhiteElo "2138"]
[BlackElo "2176"]
[PlyCount "105"]
[EventDate "2009.??.??"]
[EventType "tourn"]
[EventRounds "9"]
[EventCountry "FIN"]
[SourceTitle "EXT 2011"]
[Source "ChessBase"]
[SourceDate "2010.11.26"]
[SourceVersion "1"]
[SourceVersionDate "2010.11.26"]
[SourceQuality "1"]

1. d4 Nf6 2. c4 e5 3. dxe5 Ng4 4. e3 Nxe5 5. Nh3 d6 6. Nf4 Nbc6 7. Nc3 g6 8. b3 Bg7 9. Bb2 0-0 10. Be2 b6 11. Nfd5 Bb7 12. 0-0 Ne7 13. f4 Nd7 14. e4 Nxd5 15. cxd5 Nc5 16. Qc2 f5 17. exf5 Rxf5 18. Bg4 Rf8 19. b4 Nd7 20. Be6+ Kh8 21. Ne4 Nf6 22. Ng5 Nxd5 23. Nf7+ Rxf7 24. Bxf7 Nxb4 25. Bxg7+ Kxg7 26. Qc3+ Qf6 27. Qxb4 Qxf7 28. Rae1 Rf8 29. Rf2 Kg8 30. Qa4 Bd5 31. Re3 c5 32. Qd1 Bxa2 33. Qxd6 Qd5 34. Qe7 a5 35. f5 Qf7 36. Qh4 Qc4 37. Rf4 Qc1+ 38. Re1 Qc3 39. fxg6 Qxe1+ 40. Qxe1 Rxf4 41. gxh7+ Kxh7 42. Qd2 Rb4 43. Qxa2 c4 44. h3 Kg7 45. Kh2 Kf6 46. Qd2 Ke5 47. h4 Ke4 48. Qc3 b5 49. h5 Rb3 50. Qf6 Kd3 51. h6 c3 52. h7 c2 53. Qf1+ 1-0

[Event "Helsinki Pirttimaki Memorial-A 4th"]
[Site "Helsinki"]
[Date "2009.??.??"]
[Round "5"]
[White "Ebeling, Daniel"]
[Black "Alhava, Antero"]
[Result "0-1"]
[WhiteElo "1795"]
[BlackElo "2138"]
[PlyCount "114"]
[EventDate "2009.??.??"]
[EventType "swiss"]
[EventRounds "7"]
[EventCountry "FIN"]
[SourceTitle "EXT 2011"]
[Source "ChessBase"]
[SourceDate "2010.11.26"]
[SourceVersion "1"]
[SourceVersionDate "2010.11.26"]
[SourceQuality "1"]

1. e4 e6 2. d3 d5 3. Nd2 Nf6 4. Ngf3 Bc5 5. e5 Nfd7 6. d4 Be7 7. Bd3 c5 8. c3 Nc6 9. 0-0 g5 10. b3 cxd4 11. cxd4 Qb6 12. Bb2 Nf8 13. Qe2 Ng6 14. Bxg6 hxg6 15. h3 Bd7 16. Qe3 g4 17. hxg4 0-0-0 18. g3 Kb8 19. a3 Rc8 20. Kg2 Rc7 21. Rfc1 a5 22. Rab1 Rhc8 23. Nf1 Qa6 24. N1d2 Qb6 25. Ne1 f6 26. Nef3 fxe5 27. Nxe5 Nxe5 28. Qxe5 Bd6 29. Qe3 e5 30. dxe5 Qxe3 31. fxe3 Rc2 32. Rxc2 Rxc2 33. exd6 Rxd2+ 34. Kf3 g5 35. Bc3 Rc2 36. Bxa5 Bb5 37. e4 d4 38. Re1 Kc8 39. a4 Ba6 40. Bb6 d3 41. Ke3 Kd7 42. e5 Ke6 43. Bd4 Rg2 44. Kf3 d2 45. Rd1 Be2+ 46. Kxg2 Bxd1 47. Be3 Bf3+ 48. Kxf3 d1Q+ 49. Kf2 Qxg4 50. a5 Qf5+ 51. Kg2 Qxe5 52. Bb6 Qxd6 53. Kh3 Qd1 54. b4 Kf5 55. Kg2 Kg4 56. Bf2 Qd5+ 57. Kh2 Kf3 0-1

[Event "Helsinki We Garde 3rd"]
[Site "Helsinki"]
[Date "2009.??.??"]
[Round "2"]
[White "Haanpaa, Jorma"]
[Black "Alhava, Antero"]
[Result "0-1"]
[WhiteElo "2051"]
[BlackElo "2138"]
[PlyCount "58"]
[EventDate "2009.??.??"]
[EventType "swiss"]
[EventRounds "5"]
[EventCountry "FIN"]
[SourceTitle "EXT 2011"]
[Source "ChessBase"]
[SourceDate "2010.11.26"]
[SourceVersion "1"]
[SourceVersionDate "2010.11.26"]
[SourceQuality "1"]

1. e4 e6 2. d4 d5 3. Nc3 Bb4 4. exd5 exd5 5. Bd3 Nc6 6. Nge2 Bg4 7. Be3 Nge7 8. 0-0 Qd7 9. f3 Bf5 10. Ng3 0-0 11. Nxf5 Nxf5 12. Bf2 Rfe8 13. Qd2 Ba5 14. Qg5 Nfxd4 15. Qxd5 Qxd5 16. Nxd5 Ne2+ 17. Kh1 Rad8 18. Ne3 Nf4 19. Bb5 Bb6 20. Nc4 Bxf2 21. Bxc6 Re2 22. Be4 b5 23. Rad1 Rxd1 24. Rxd1 g6 25. Na3 f5 26. Bb7 Bb6 27. g3 Nh3 28. Rd7 Bg1 29. Bd5+ Kh8 0-1

[Event "Helsinki We HSK 8th"]
[Site "Helsinki"]
[Date "2008.??.??"]
[Round "3"]
[White "Alhava, Antero"]
[Black "Sofiev, Alexey"]
[Result "1-0"]
[WhiteElo "2154"]
[BlackElo "2151"]
[PlyCount "67"]
[EventDate "2008.??.??"]
[EventType "swiss"]
[EventRounds "5"]
[EventCountry "FIN"]
[SourceTitle "EXT 2022"]
[Source "ChessBase"]
[SourceDate "2021.10.06"]
[SourceVersion "1"]
[SourceVersionDate "2021.10.06"]
[SourceQuality "1"]

1. d4 e6 2. c4 f5 3. g3 Nf6 4. Bg2 d5 5. Nf3 b6 6. 0-0 Bb7 7. Nc3 Bd6 8. Bf4 0-0 9. Ne5 Nbd7 10. Qb3 Bxe5 11. dxe5 Nc5 12. Qc2 Nfe4 13. Rad1 c6 14. b4 Nxc3 15. Qxc3 Ne4 16. Qb3 Qe7 17. h4 Kh8 18. f3 g5 19. hxg5 Nxg5 20. Kf2 Rg8 21. Rh1 a5 22. Rh5 axb4 23. Rdh1 Ra3 24. Bxg5 Rxg5 25. Rxh7+ Qxh7 26. Rxh7+ Kxh7 27. Qxb4 Rxa2 28. Qe7+ Rg7 29. Qxe6 Ba6 30. Bh3 Bxc4 31. Bxf5+ Kh8 32. Qh6+ Kg8 33. Be6+ Kf8 34. Qf6+ 1-0

[Event "Helsinki-chA 0708"]
[Site "Helsinki"]
[Date "2007.12.27"]
[Round "1"]
[White "Salimaki, Janne"]
[Black "Alhava, Antero"]
[Result "1-0"]
[WhiteElo "2181"]
[BlackElo "2154"]
[PlyCount "87"]
[EventDate "2007.12.27"]
[EventType "tourn"]
[EventRounds "9"]
[EventCountry "FIN"]
[SourceTitle "EXT 2009"]
[Source "ChessBase"]
[SourceDate "2008.11.26"]
[SourceVersion "1"]
[SourceVersionDate "2008.11.26"]
[SourceQuality "1"]

1. d4 Nf6 2. Bg5 Ne4 3. Bf4 d5 4. e3 Bf5 5. f3 Nf6 6. c4 e6 7. Nc3 c5 8. g4 Bg6 9. cxd5 exd5 10. Qb3 c4 11. Qxb7 Nbd7 12. g5 Nh5 13. Bc7 Qc8 14. Qxc8+ Rxc8 15. Nxd5 f6 16. Bf4 Nxf4 17. Nxf4 Bb4+ 18. Kf2 Bf7 19. gxf6 Nxf6 20. Bh3 Rc6 21. Rc1 0-0 22. Nge2 g5 23. Rhg1 h6 24. Nc3 Kh8 25. Nfe2 Rb6 26. Bf5 Bd6 27. e4 Bxh2 28. Rh1 Bf4 29. Nxf4 gxf4 30. Rxh6+ Kg7 31. Rh4 Rxb2+ 32. Ne2 Nh5 33. e5 Rxe2+ 34. Kxe2 Ng3+ 35. Kd2 c3+ 36. Rxc3 Nxf5 37. Rxf4 Kg6 38. Rc6+ Kg5 39. Rg4+ Kh5 40. Rf6 Nh6 41. Rg7 Rd8 42. Ke3 Rc8 43. Kf4 Rc4 44. Rg5+ 1-0

[Event "Helsinki-ch"]
[Site "Helsinki"]
[Date "2007.??.??"]
[Round "9"]
[White "Munukka, Timo"]
[Black "Alhava, Antero"]
[Result "1/2-1/2"]
[WhiteElo "2008"]
[BlackElo "2225"]
[PlyCount "116"]
[EventDate "2006.12.??"]
[EventType "swiss"]
[EventRounds "9"]
[EventCountry "FIN"]
[SourceTitle "EXT 2008"]
[Source "ChessBase"]
[SourceDate "2007.11.25"]
[SourceVersion "1"]
[SourceVersionDate "2007.11.25"]
[SourceQuality "1"]

1. d4 Nf6 2. c4 g6 3. Nc3 d5 4. cxd5 Nxd5 5. e4 Nxc3 6. bxc3 Bg7 7. Be3 c5 8. Bb5+ Bd7 9. Bxd7+ Qxd7 10. f3 Nc6 11. Ne2 cxd4 12. cxd4 e6 13. 0-0 0-0 14. Qa4 Rfd8 15. Rfd1 Qe7 16. Rac1 Rd7 17. Rd2 Rad8 18. Rcd1 a6 19. d5 exd5 20. Bb6 Rc8 21. Rxd5 Rxd5 22. Rxd5 Ne5 23. Qd1 h5 24. Rd8+ Rxd8 25. Qxd8+ Qxd8 26. Bxd8 Kf8 27. Kf2 Nc4 28. Bc7 Ke7 29. Nf4 Kd7 30. Nd5 Kc6 31. Ke2 Bf8 32. Kd3 b5 33. Bd8 Bd6 34. f4 f5 35. Bg5 Nb2+ 36. Ke3 Bc5+ 37. Kf3 Nc4 38. exf5 gxf5 39. Nf6 a5 40. Nxh5 Nd2+ 41. Ke2 Ne4 42. Kd3 Bg1 43. Ng7 Bxh2 44. Nxf5 Nc5+ 45. Ke3 Bg1+ 46. Kf3 b4 47. Bf6 Kd7 48. g4 a4 49. Bd4 Bxd4 50. Nxd4 b3 51. axb3 axb3 52. Nxb3 Nxb3 53. Ke4 Ke6 54. f5+ Kf6 55. Kf4 Nd4 56. g5+ Kf7 57. Ke4 Nc6 58. Kd5 Ne7+ 1/2-1/2

[Event "Helsinki-ch"]
[Site "Helsinki"]
[Date "2006.??.??"]
[Round "5"]
[White "Alhava, Antero"]
[Black "Lehti, Juhani"]
[Result "0-1"]
[WhiteElo "2225"]
[BlackElo "2181"]
[PlyCount "108"]
[EventDate "2006.12.??"]
[EventType "swiss"]
[EventRounds "9"]
[EventCountry "FIN"]
[SourceTitle "EXT 2008"]
[Source "ChessBase"]
[SourceDate "2007.11.25"]
[SourceVersion "1"]
[SourceVersionDate "2007.11.25"]
[SourceQuality "1"]

1. d4 d5 2. c4 e6 3. Nc3 Nf6 4. cxd5 exd5 5. Bg5 c6 6. e3 Bf5 7. Qf3 Bg6 8. Bxf6 Qxf6 9. Qxf6 gxf6 10. h4 h5 11. Nh3 Bd6 12. Be2 Nd7 13. Bf3 Kf8 14. g3 Kg7 15. Ne2 Bb4+ 16. Kf1 Nb6 17. b3 a5 18. Nhf4 a4 19. Kg2 Ra7 20. Rhg1 Kh6 21. g4 hxg4 22. Bxg4 Rha8 23. Raf1 axb3 24. axb3 Bd6 25. h5 Bc2 26. Rc1 Ra2 27. Ng3 Bxf4 28. exf4 Be4+ 29. Bf3 Rb2 30. Rc3 Raa2 31. Rf1 Rd2 32. Bxe4 dxe4 33. Nf5+ Kh7 34. Re3 Re2 35. Rxe2 Rxe2 36. Ra1 Nd5 37. Kg3 Rb2 38. Ra3 Rb1 39. Nd6 Rg1+ 40. Kh2 Rg4 41. b4 Nxf4 42. Nxe4 Rh4+ 43. Kg3 Rh3+ 44. Kxf4 Rxa3 45. Nxf6+ Kh6 46. Kg4 Rd3 47. Ng8+ Kg7 48. Ne7 Rxd4+ 49. Kg5 Rxb4 50. Nf5+ Kh7 51. Nd6 c5 52. Nxf7 c4 53. Kf4 c3+ 54. Ke3 Rc4 0-1

[Event "Helsinki-ch"]
[Site "Helsinki"]
[Date "2006.??.??"]
[Round "3"]
[White "Alhava, Antero"]
[Black "Rehn, Ralf"]
[Result "0-1"]
[WhiteElo "2225"]
[BlackElo "2099"]
[PlyCount "72"]
[EventDate "2006.12.??"]
[EventType "swiss"]
[EventRounds "9"]
[EventCountry "FIN"]
[SourceTitle "EXT 2008"]
[Source "ChessBase"]
[SourceDate "2007.11.25"]
[SourceVersion "1"]
[SourceVersionDate "2007.11.25"]
[SourceQuality "1"]

1. d4 g6 2. c4 Bg7 3. Nc3 c5 4. Nf3 cxd4 5. Nxd4 Nc6 6. Nxc6 bxc6 7. e4 Qa5 8. Bd2 Rb8 9. Qc2 Qe5 10. Be2 Nf6 11. f4 Qc7 12. e5 Ng8 13. 0-0-0 d6 14. Rhe1 dxe5 15. fxe5 Bxe5 16. Bf3 Bxh2 17. Qa4 Kf8 18. Bxc6 Qb6 19. b3 Bb7 20. Bxb7 Qxb7 21. Be3 h5 22. Bd4 f6 23. Nd5 Kf7 24. Bc5 Be5 25. Re2 Rd8 26. Rde1 Kg7 27. Qa5 Nh6 28. Nxe7 Rd7 29. Nd5 Rc8 30. Rc2 Nf5 31. Rd1 Qc6 32. Bf2 Qe6 33. Kb1 Nd6 34. Qe1 Rb7 35. Kc1 Nf5 36. Qe4 Bb2+ 0-1

[Event "FIN-chT1B 0405"]
[Site "Finland"]
[Date "2005.02.06"]
[Round "6.8"]
[White "Alhava, Antero"]
[Black "Puittinen, Mika"]
[Result "0-1"]
[WhiteElo "2225"]
[BlackElo "2167"]
[PlyCount "94"]
[EventDate "2004.09.18"]
[EventType "team-tourn"]
[EventRounds "7"]
[EventCountry "FIN"]
[SourceTitle "EXT 2022"]
[Source "ChessBase"]
[SourceDate "2021.10.06"]
[SourceVersion "1"]
[SourceVersionDate "2021.10.06"]
[SourceQuality "1"]
[WhiteTeam "Helsinki I-HSK"]
[BlackTeam "Helsinki Aatos"]
[WhiteTeamCountry "FIN"]
[BlackTeamCountry "FIN"]

1. d4 f5 2. c4 e6 3. Nf3 Nf6 4. g3 Be7 5. Bg2 0-0 6. 0-0 d6 7. Nc3 Ne4 8. Nxe4 fxe4 9. Nd2 d5 10. e3 Nc6 11. f3 exf3 12. Nxf3 b6 13. Qa4 Qd6 14. Bd2 Bd7 15. Qb3 Rad8 16. Rac1 Be8 17. cxd5 exd5 18. e4 Rxf3 19. Bxf3 Nxd4 20. Qxd5+ Qxd5 21. exd5 Bb5 22. Rf2 Bc5 23. Kg2 Nxf3 24. Rxf3 Rxd5 25. Bc3 Bc6 26. Kf1 Rh5 27. Rf2 Bb5+ 28. Ke1 Bxf2+ 29. Kxf2 Rxh2+ 30. Ke3 Kf7 31. Rd1 g6 32. Rd8 Ke6 33. Ra8 a5 34. Rc8 Kd6 35. Rd8+ Bd7 36. Rh8 Bf5 37. Kf4 h5 38. Be5+ Kc5 39. Rd8 Re2 40. Bc3 Re4+ 41. Kf3 h4 42. gxh4 Rxh4 43. Bf6 Re4 44. Bg5 b5 45. Ra8 a4 46. Ra7 Kb6 47. Ra8 Rb4 0-1

[Event "FIN-chT1B 0405"]
[Site "Finland"]
[Date "2004.11.14"]
[Round "4.6"]
[White "Katajainen, Kimmo"]
[Black "Alhava, Antero"]
[Result "1/2-1/2"]
[WhiteElo "2041"]
[BlackElo "2225"]
[PlyCount "44"]
[EventDate "2004.09.18"]
[EventType "team-tourn"]
[EventRounds "7"]
[EventCountry "FIN"]
[SourceTitle "EXT 2022"]
[Source "ChessBase"]
[SourceDate "2021.10.06"]
[SourceVersion "1"]
[SourceVersionDate "2021.10.06"]
[SourceQuality "1"]
[WhiteTeam "Helsinki KS 58"]
[BlackTeam "Helsinki I-HSK"]
[WhiteTeamCountry "FIN"]
[BlackTeamCountry "FIN"]

1. Nf3 Nf6 2. d4 g6 3. g3 Bg7 4. Bg2 0-0 5. 0-0 d5 6. c4 dxc4 7. Na3 c6 8. Nxc4 Be6 9. b3 Bd5 10. Bb2 Nbd7 11. Rc1 a5 12. a3 Ne4 13. Ne3 Qb6 14. Nxd5 cxd5 15. Ne5 Rfd8 16. Qd3 f5 17. Nxd7 Rxd7 18. Rc2 Rf8 19. e3 e6 20. Rfc1 Rfd8 21. Bf1 Rd6 22. Qb5 Qxb5 1/2-1/2

[Event "FIN-chT1B 0405"]
[Site "Finland"]
[Date "2004.09.19"]
[Round "2.6"]
[White "Alhava, Antero"]
[Black "Raki, Jyrki"]
[Result "1-0"]
[WhiteElo "2225"]
[BlackElo "2044"]
[PlyCount "53"]
[EventDate "2004.09.18"]
[EventType "team-tourn"]
[EventRounds "7"]
[EventCountry "FIN"]
[SourceTitle "EXT 2022"]
[Source "ChessBase"]
[SourceDate "2021.10.06"]
[SourceVersion "1"]
[SourceVersionDate "2021.10.06"]
[SourceQuality "1"]
[WhiteTeam "Helsinki I-HSK"]
[BlackTeam "Karhula TS"]
[WhiteTeamCountry "FIN"]
[BlackTeamCountry "FIN"]

1. d4 Nf6 2. c4 g6 3. Nc3 Bg7 4. e4 d6 5. f3 0-0 6. Be3 e5 7. Nge2 Nbd7 8. Qd2 a6 9. h4 h5 10. 0-0-0 b5 11. g4 Qe8 12. g5 Nh7 13. f4 exf4 14. Nxf4 Bb7 15. cxb5 axb5 16. Bxb5 c6 17. Bd3 Qb8 18. Qe2 Re8 19. Rhf1 Nb6 20. Nxh5 gxh5 21. Qxh5 Re7 22. Rxf7 Rxf7 23. g6 Qc7 24. Qxh7+ Kf8 25. gxf7 Kxf7 26. Rf1+ Ke6 27. Qg6+ 1-0